000 00466nam a2200181Ia 4500
008 230711s9999||||xx |||||||||||||| ||und||
020 _a978-81-8473-672-4
041 _aENG
082 _a616.0756
_bLE-F
100 _aLemke,Thomas L
245 0 _aFoye's principles of medicinal Chemistry
250 _a7th Ed.
260 _c2013
_aNew Delhi
_bWolters Kluwer(India) Pvt.Ltd
300 _a1500p.
650 _aPharmacy
700 _aWilliams,David A
942 _cBK
999 _c7137
_d7137